| 000 | 00404 a2200145 4500 | ||
|---|---|---|---|
| 999 |
_c2744 _d2744 |
||
| 020 | _a977998297 | ||
| 050 | _aLB 1051 CHI 1993 | ||
| 100 |
_a Child, Dennis _eAuthor |
||
| 245 |
_aPsychology and the teacher / _cDennis Child |
||
| 264 |
_aLondon, New York: _bCasell, _c1993 |
||
| 300 |
_axiii, 473p. : _bill. |
||
| 500 | _aIncludes index | ||
| 650 | _aEducational psychology | ||
| 942 |
_2lcc _cBK _h1051 _iCHI _kLB |
||